Kvalita ako nástroj zvyšovania konkurencieschopnosti podnikov bakalárska práca

Guardado en:
Detalles Bibliográficos
Autor principal: Angyal, Patrik
Autor Corporativo: Fakulta podnikového manažmentu EU. Katedra manažmentu výroby a logistiky - zrušená
Otros Autores: Mošať, Miroslav
Formato: Libro
Lenguaje:eslovaco
Publicado: Bratislava 2013
Etiquetas: Agregar Etiqueta
Sin Etiquetas, Sea el primero en etiquetar este registro!

MARC

LEADER 00000nbm a2200000 4500
001 0172971
005 20161109112129.3
041 0 |a slo 
044 |a SK 
245 1 0 |a Kvalita ako nástroj zvyšovania konkurencieschopnosti podnikov  |b bakalárska práca  |c Patrik Angyal ; školiteľ: Miroslav Mošať 
264 1 |a Bratislava  |c 2013 
300 |a 37 s. 
100 1 |a Angyal, Patrik 
700 1 |a Mošať, Miroslav 
710 2 |a Fakulta podnikového manažmentu EU. Katedra manažmentu výroby a logistiky - zrušená